[Event "Aberto do Brasil CONTAUD 2022"]
[Site "Cuiaba - MT - Brasil"]
[Date "2022.10.27"]
[Round "4"]
[Board "30"]
[White "Gomes, Mateus Ferreira"]
[Black "De Souza, Eliel Martins"]
[Result "1-0"]
[WhiteElo "1690"]
[BlackElo "1382"]
[PlyCount "47"]
[EventDate "2022.10.25"]
[EventRounds "9"]
[EventCountry "BRA"]

1. d4 g6 2. c4 Bg7 3. e4 d6 4. Nc3 Nf6 5. h3 O-O 6. Nf3 a6 7. Bd3 c6 8. a4 d5 9.
e5 Ne8 10. cxd5 cxd5 11. O-O e6 12. b3 Nc6 13. Ba3 Qc7 14. Bxf8 Bxf8 15. Rc1 Qb6
16. Ne2 Bd7 17. Bb1 Ba3 18. Rc3 Bb4 19. Re3 Rc8 20. h4 Ng7 21. Nf4 Nf5 22. Bxf5 exf5
23. Nxd5 Qa5 24. Nf6+  1-0

[Event "Aberto do Brasil CONTAUD 2022"]
[Site "Cuiaba - MT - Brasil"]
[Date "2022.10.27"]
[Round "4"]
[Board "31"]
[White "Carmo, Jose Arlindo"]
[Black "Almeida, Bianca Martins"]
[Result "1/2-1/2"]
[WhiteElo "1604"]
[BlackElo "1349"]
[PlyCount "119"]
[EventDate "2022.10.25"]
[EventRounds "9"]
[EventCountry "BRA"]

1. e4 e5 2. Nf3 Nf6 3. Nxe5 d6 4. Nf3 Nxe4 5. Be2 Be7 6. d3 Ng5 7. O-O Nxf3+ 8. Bxf3
O-O 9. Nc3 c6 10. Re1 Be6 11. Bf4 Nd7 12. Bg4 Nc5 13. Bf3 Bf6 14. d4 Na6 15. Ne4
Bf5 16. Nxd6 Qd7 17. Nxf5 Qxf5 18. Bg3 Rad8 19. c3 Rfe8 20. Qb3 Qd7 21. Rad1 b5 22.
h3 Be7 23. Be5 Bd6 24. Re3 Nc7 25. Rde1 a6 26. a4 c5 27. Bg4 Qc6 28. Bxd6 Rxe3 29.
Rxe3 Qxd6 30. dxc5 Qxc5 31. axb5 axb5 32. Be2 Rd2 33. Bxb5 Qf5 34. Rf3 Qe6 35. Qxe6
fxe6 36. Bc4 Rxb2 37. Re3 Rb6 38. f4 Rc6 39. Bb3 g6 40. g4 Kf7 41. f5 gxf5 42. gxf5
Nb5 43. Bxe6+ Kf6 44. c4 Nd4 45. Kf2 Rc5 46. Bd5 Nxf5 47. Re6+ Kg5 48. Rc6 Ra5 49.
Rc8 Ne7 50. Re8 Nxd5 51. cxd5 Kh4 52. d6 Kxh3 53. Rh8 Ra7 54. Rd8 Kg4 55. Ke3 Kf5
56. Kd4 Ke6 57. Kc5 h5 58. Kb6 Rd7 59. Re8+ Kxd6 60. Rh8  1/2-1/2

[Event "Aberto do Brasil CONTAUD 2022"]
[Site "Cuiaba - MT - Brasil"]
[Date "2022.10.27"]
[Round "4"]
[Board "32"]
[White "Da Silva, Debora Oliveira Lopes"]
[Black "Ferreira E Silva, Afranio Marcio"]
[Result "0-1"]
[WhiteElo "1332"]
[BlackElo "1359"]
[PlyCount "113"]
[EventDate "2022.10.25"]
[EventRounds "9"]
[EventCountry "BRA"]

1. e4 e5 2. Nf3 Nc6 3. Bc4 h6 4. d4 Bd6 5. O-O Nf6 6. Nc3 O-O 7. Bb5 b6 8. Bxc6 dxc6
9. dxe5 Ba6 10. exf6 Bxf1 11. Qxf1 Qxf6 12. Qe2 Rfe8 13. Bd2 Bf4 14. Bxf4 Qxf4 15.
Rd1 Rad8 16. Nd4 Rd6 17. Nf5 Rg6 18. Qe3 Qg4 19. Qg3 Qxd1+ 20. Nxd1 Rxg3 21. Nxg3
h5 22. f3 g6 23. Nc3 Rd8 24. Nf1 b5 25. a3 a5 26. g3 b4 27. axb4 axb4 28. Na4 Rd1
29. Kf2 Kf8 30. Ke2 Ra1 31. b3 Ke7 32. Ne3 Rc1 33. Nc5 Ra1 34. Nd3 Kd7 35. Nxb4 Ra8
36. Nc4 c5 37. Nd3 Ra1 38. Nxc5+ Ke8 39. f4 h4 40. Kf3 Rc1 41. Na6 Rxc2 42. Nxc7+
Kf8 43. Nd5 Rxh2 44. Kg4 h3 45. Ne5 f5+ 46. exf5 gxf5+ 47. Kxf5 Rd2 48. Kg4 h2 49.
Nf3 h1=Q 50. Nxd2 Qd1+ 51. Kg5 Qxd2 52. Nf6 Qb2 53. g4 Qxb3 54. f5 Kf7 55. Nh5 Qe3+
56. Kh4 Qe7+ 57. Kg3  0-1